000 03325cam a2200301 a 4500
001 16631856
003 OSt
005 20150408114102.0
008 110131s2009 enka b 001 0 eng
010 _a 2011285005
020 _a9781844078516 (pbk.)
040 _aDLC
_cDLC
_dDLC
050 0 0 _aBF463.U5
_bU53 2009
082 _222
_a123
245 0 0 _aUncertainty and risk :
_bmultidisciplinary perspectives /
_cedited by Gabriele Bammer and Michael Smithson.
250 _aPbk. ed.
260 _aLondon ;
_aSterling, VA :
_bEarthscan,
_c2009.
300 _axvi, 382 p. :
_bill. ;
_c24 cm.
490 1 _aEarthscan risk in society series
505 0 _aSetting the scene -- Introduction / Gabriele Bammer and Michael Smithson -- The many faces and masks of uncertainty / Michael Smithson -- Adopting orphans : uncertainty and other neglected aspects of complex problems / Gabriele Bammer -- More than a cabinet of curiosities : disciplinary and practice perspectives on uncertainty -- When action can't wait : investigating infectious disease outbreaks / Aileen J. Plant -- Uncertainty and religion : ten provisional theses / Stephen Pickard -- Uncertainty in the physical sciences : how big? how small? is it actually there at all? / Stephen J. Buckman -- Statistics : an essential tool for model citizens / Robyn G. Attewell -- A philosopher's guide to probability / Alan Hájek -- Musical improvisation, creativity and uncertainty / John Mackey -- Uncertainty as a creative force in visual art / Sasha Grishin -- Historians and disputes over uncertainty / Ann Curthoys -- Approaches to uncertain futures / Kate Delaney -- Embracing social uncertainties with complex systems science / Pascal Perez -- Heroin : injected with uncertainty / Alison Ritter -- Political practice : uncertainty, ethics and outcomes / Michael Moore -- Smoke and mirrors : managing uncertainty in the public health sector / Liz Furler -- Economists and uncertainty / John Quiggin -- Psychology's ambivalent view of uncertainty / Michael Smithson -- Uncertainty in decision-making : intelligence as a solution / Steve Longford -- Emergency management thrives on uncertainty / John Handmer -- Uncertainty, complexity and environment / Stephen Dovers ... [et al.] -- Uncertainty, terrorism and law enforcement / Michael McFadden, Rod Lyon and Roy Pinsker -- Certainty as illusion : the nature and purpose of uncertainty in the law / Judith S. Jones -- Unifying diversity -- The nature of uncertainty / Gabriele Bammer, Michael Smithson and the Goolabri Group -- Uncertainty metaphors, motives and morals / Michael Smithson, Gabriele Bammer and the Goolabri Group -- Coping and managing under uncertainty / Michael Smithson, Gabriele Bammer and the Goolabri Group -- Implications for risk assessment and management -- Coping with deep uncertainty : challenges for environmental assessment and decision-making / Roger E. Kasperson -- Risk, uncertainty and social controversy : from risk perception and communication to public engagement / Nick Pidgeon.
650 0 _aUncertainty.
_93462
650 0 _aRisk.
700 1 _aBammer, Gabriele.
_917845
700 1 _aSmithson, Michael.
_917846
830 0 _aEarthscan risk and society series.
_917699
942 _2ddc
_cBOOK
999 _c26229
_d260729